000 00434nam a2200145Ia 4500
003 OSt
005 20260121115005.0
008 211028s2014 xx 000 0 und d
040 _cAIMIT LIBRARY
041 _aeng
100 _aGomadi, Umesh; D Souza, Rayan.
_g1216160
_97270
245 _aFinancial statement analysis: a case study with reference to SRSL ltd Manoli /
260 _aMangalore
_bRayan D Souza
_c2014
942 _2ddc
_cPRO
999 _c218840
_d218840